|
|
|
|
| LEADER |
00000nam0a2200000 4500 |
| 001 |
69762 |
| 005 |
20231031080136.0 |
| 035 |
|
|
|a (RuTPU)RU\TPU\book\74269
|
| 090 |
|
|
|a 69762
|
| 100 |
|
|
|a 20041102d1980 k y0rusy50 ca
|
| 101 |
0 |
|
|a rus
|
| 102 |
|
|
|a RU
|
| 105 |
|
|
|a a z 001zy
|
| 200 |
1 |
|
|a Наполненные кристаллизующиеся полимеры
|f В. П. Соломко
|
| 210 |
|
|
|a Киев
|c Наукова думка
|d 1980
|
| 215 |
|
|
|a 264 с.
|c ил.
|
| 320 |
|
|
|a Библиогр.: с. 247-262.
|
| 610 |
1 |
|
|a полимеры
|
| 610 |
1 |
|
|a кристаллизующиеся полимеры
|
| 610 |
1 |
|
|a структура
|
| 610 |
1 |
|
|a свойства
|
| 610 |
1 |
|
|a физико-химия
|
| 610 |
1 |
|
|a термодинамические свойства
|
| 675 |
|
|
|a 678.046
|v 3
|
| 700 |
|
1 |
|a Соломко
|b В. П.
|g Владимир Петрович
|
| 801 |
|
1 |
|a RU
|b 63413507
|c 20041102
|g PSBO
|
| 942 |
|
|
|c BK
|